000 00440nam a2200145Ia 4500
008 230917s9999||||xx |||||||||||||| ||und||
040 _e122136
_aMAIN
041 _aEnglish
082 _a574.05 R18G
100 _aRao, N P
245 0 _aGlobal stategies of clean environment, safe earth, disaster menegemant, sustainable development and quality life
260 _aNew Delhi
_bAtlantic Publishers
_c1998
300 _a320 p.
942 _cBK
999 _c100670
_d100670